[Event "ESP-ch U10 Rapid"]
[Site "Salobrena"]
[Date "2022.07.10"]
[Round "8"]
[White "Liern Matesanz, Jairo"]
[Black "Serna Puerto, Lorenzo"]
[Result "0-1"]
[WhiteElo "1327"]
[BlackElo "1564"]
[PlyCount "88"]
[EventDate "2022.07.09"]
[EventType "swiss (rapid)"]
[EventRounds "9"]
[EventCountry "ESP"]
[SourceTitle "EXT 2023"]
[Source "ChessBase"]
[SourceDate "2022.10.05"]
[SourceVersion "1"]
[SourceVersionDate "2022.10.05"]
[SourceQuality "1"]

1. d4 d5 2. c4 e6 3. Nc3 c5 4. Nf3 Nf6 5. e3 Nc6 6. Bd3 cxd4 7. exd4 dxc4 8. Bxc4 Bb4 9. Bd2 0-0 10. Qc2 Bxc3 11. Bxc3 Nd5 12. 0-0 h6 13. Bxd5 Qxd5 14. Rad1 Qxa2 15. d5 exd5 16. Qd3 Rd8 17. Rfe1 Be6 18. b4 Qc4 19. Qc2 Nxb4 20. Qb2 Nd3 21. Rxd3 Qxd3 22. Re3 Qg6 23. Ba5 b6 24. Ne5 Qf6 25. Bc3 d4 26. Bxd4 Qf4 27. Bc3 Rd1+ 28. Re1 Rxe1+ 29. Bxe1 Rd8 30. h3 Rd1 31. Qc3 Qc1 32. Qxc1 Rxc1 33. Nd3 Rd1 34. Nb4 Rxe1+ 35. Kh2 Re2 36. f3 a5 37. Nd3 a4 38. Nc1 a3 39. f4 Rc2 40. f5 Bd5 41. Nd3 Rxg2+ 42. Kh1 a2 43. Nc1 a1R 44. f6 Rxc1# 0-1

[Event "ESP-ch U10 Rapid"]
[Site "Salobrena"]
[Date "2022.07.10"]
[Round "6"]
[White "Serna Puerto, Lorenzo"]
[Black "Manrique Garcia, Daniel"]
[Result "1-0"]
[WhiteElo "1564"]
[BlackElo "1117"]
[PlyCount "189"]
[EventDate "2022.07.09"]
[EventType "swiss (rapid)"]
[EventRounds "9"]
[EventCountry "ESP"]
[SourceTitle "EXT 2023"]
[Source "ChessBase"]
[SourceDate "2022.10.05"]
[SourceVersion "1"]
[SourceVersionDate "2022.10.05"]
[SourceQuality "1"]

1. e4 e5 2. Nf3 Nc6 3. Bb5 a6 4. Ba4 Bc5 5. 0-0 Nf6 6. d3 h6 7. c3 b5 8. Bb3 Bb7 9. d4 exd4 10. cxd4 Be7 11. Re1 d6 12. Bf4 0-0 13. Nc3 Qd7 14. d5 Na5 15. Bc2 c6 16. dxc6 Nxc6 17. Nd4 Nxd4 18. Qxd4 Rac8 19. e5 dxe5 20. Qxd7 Nxd7 21. Bxe5 Nxe5 22. Rxe5 Bf6 23. Re3 b4 24. Bf5 Rc5 25. Ne4 Rxf5 26. Nd6 Rf4 27. Nxb7 Bd4 28. Re2 Rb8 29. Na5 Rb5 30. Nb3 Bf6 31. g3 Rc4 32. Kf1 a5 33. Rae1 a4 34. Nd2 Rd4 35. Re8+ Kh7 36. R1e2 Rbd5 37. Nf3 Rd3 38. Kg2 Rf5 39. Ne1 Rd6 40. Ra8 b3 41. Rxa4 Rb6 42. Nd3 bxa2 43. Rxa2 Rb3 44. Nc1 Rb4 45. b3 Bg5 46. f4 Bf6 47. Ra4 Rb6 48. Ree4 g5 49. b4 gxf4 50. gxf4 Rfb5 51. Nd3 Kg7 52. Ra5 Rxa5 53. bxa5 Ra6 54. Ra4 Bc3 55. Nc5 Rxa5 56. Rc4 Bf6 57. Ne4 Rf5 58. Nxf6 Rxf6 59. Kg3 Kg6 60. Rc5 Rf5 61. Rc3 h5 62. h4 f6 63. Rc8 Kg7 64. Rc3 Kg6 65. Kf3 Rd5 66. Ke4 Rd6 67. Rg3+ Kh6 68. Kf5 Kh7 69. Re3 Kg7 70. Re7+ Kh6 71. Re6 Rxe6 72. Kxe6 Kg7 73. f5 Kh6 74. Kxf6 Kh7 75. Kg5 Kg7 76. Kxh5 Kf6 77. Kg4 Kf7 78. Kg5 Kg7 79. h5 Kh7 80. h6 Kg8 81. f6 Kh8 82. Kf5 Kg8 83. Ke6 Kh8 84. Kf7 Kh7 85. Kf8 Kh8 86. f7 Kh7 87. Ke7 Kxh6 88. f8Q+ Kg5 89. Qf6+ Kg4 90. Ke6 Kg3 91. Ke5 Kg4 92. Qf4+ Kh5 93. Qg3 Kh6 94. Kf6 Kh7 95. Qg7# 1-0

[Event "ESP-ch U10 Rapid"]
[Site "Salobrena"]
[Date "2022.07.10"]
[Round "7"]
[White "Serna Puerto, Lorenzo"]
[Black "Miralles Serna, Ricardo"]
[Result "0-1"]
[WhiteElo "1564"]
[BlackElo "1310"]
[PlyCount "158"]
[EventDate "2022.07.09"]
[EventType "swiss (rapid)"]
[EventRounds "9"]
[EventCountry "ESP"]
[SourceTitle "EXT 2023"]
[Source "ChessBase"]
[SourceDate "2022.10.05"]
[SourceVersion "1"]
[SourceVersionDate "2022.10.05"]
[SourceQuality "1"]

1. e4 c6 2. d4 d5 3. exd5 cxd5 4. Bd3 Nc6 5. c3 Nf6 6. h3 e6 7. Bf4 Bd6 8. Bxd6 Qxd6 9. Nf3 0-0 10. 0-0 Qc7 11. Re1 Bd7 12. Ne5 Nxe5 13. dxe5 Ne8 14. Nd2 Qb6 15. Rb1 Bb5 16. Bc2 Rd8 17. a4 Bc6 18. Nf3 a6 19. Qd3 g6 20. Ng5 Ng7 21. Nf3 Nf5 22. Qd2 d4 23. Nxd4 Nxd4 24. cxd4 Qxd4 25. Qxd4 Rxd4 26. Rbd1 Rb4 27. b3 Rc8 28. Rd2 Kg7 29. Re3 Bd5 30. Bd1 Rc1 31. Kh2 Rb1 32. Bf3 Bxf3 33. Rxf3 R1xb3 34. Rxb3 Rxb3 35. Rd7 b5 36. axb5 Rxb5 37. Ra7 a5 38. f4 Rb4 39. Ra6 Rxf4 40. Rxa5 h5 41. Kg3 Rf5 42. Rb5 g5 43. Ra5 Kg6 44. Rb5 f6 45. Rb8 Rxe5 46. Rg8+ Kf5 47. Rh8 h4+ 48. Kf3 Rc5 49. Rd8 Rc3+ 50. Kf2 Rg3 51. Rc8 e5 52. Rc5 Kf4 53. Rc4+ e4 54. Ra4 f5 55. Rb4 Ra3 56. Rb2 Rd3 57. Rc2 g4 58. hxg4 Kxg4 59. Rb2 h3 60. gxh3+ Rxh3 61. Rb8 Kf4 62. Re8 Rh2+ 63. Kg1 Rd2 64. Kf1 e3 65. Ra8 Kf3 66. Ra1 e2+ 67. Ke1 Rd1+ 68. Rxd1 exd1Q+ 69. Kxd1 Kf2 70. Kd2 f4 71. Kd3 f3 72. Kd2 Kg2 73. Ke3 f2 74. Kf4 f1Q+ 75. Kg4 Qf3+ 76. Kh4 Qf6+ 77. Kh5 Qg7 78. Kh4 Kf3 79. Kh5 Kf4 0-1

[Event "ESP-ch U10 Rapid"]
[Site "Salobrena"]
[Date "2022.07.10"]
[Round "5"]
[White "Tallada Serret, Gerard"]
[Black "Serna Puerto, Lorenzo"]
[Result "1-0"]
[WhiteElo "1764"]
[BlackElo "1564"]
[PlyCount "67"]
[EventDate "2022.07.09"]
[EventType "swiss (rapid)"]
[EventRounds "9"]
[EventCountry "ESP"]
[SourceTitle "EXT 2023"]
[Source "ChessBase"]
[SourceDate "2022.10.05"]
[SourceVersion "1"]
[SourceVersionDate "2022.10.05"]
[SourceQuality "1"]

1. e4 c5 2. c3 g6 3. d4 cxd4 4. cxd4 Bg7 5. Nf3 d6 6. Nc3 Nf6 7. Bf4 Bg4 8. Be2 Bxf3 9. Bxf3 0-0 10. e5 dxe5 11. dxe5 Qxd1+ 12. Rxd1 Nh5 13. Bxb7 Nxf4 14. Bxa8 Bxe5 15. 0-0 Bxc3 16. bxc3 Ne2+ 17. Kh1 Nxc3 18. Rc1 Nb5 19. a4 Nd6 20. Rc7 a6 21. Bf3 e6 22. Rd1 Nf5 23. Rb7 Rc8 24. Rdb1 Nc6 25. Rc1 Nfe7 26. Rb6 Na7 27. Rxc8+ Naxc8 28. Rxa6 Kg7 29. Kg1 Kf6 30. a5 Ke5 31. Ra8 Nd6 32. a6 Nd5 33. Bxd5 Kxd5 34. Rd8 1-0

[Event "ESP-ch U10"]
[Site "Salobrena"]
[Date "2022.07.04"]
[Round "2"]
[White "Sadik Febrero, Ismael"]
[Black "Serna Puerto, Lorenzo"]
[Result "0-1"]
[WhiteElo "1184"]
[BlackElo "1564"]
[PlyCount "118"]
[EventDate "2022.07.04"]
[EventType "swiss"]
[EventRounds "9"]
[EventCountry "ESP"]
[SourceTitle "EXT 2023"]
[Source "ChessBase"]
[SourceDate "2022.10.05"]
[SourceVersion "1"]
[SourceVersionDate "2022.10.05"]
[SourceQuality "1"]

1. e4 c5 2. Nf3 g6 3. Nc3 Bg7 4. Bc4 d6 5. d3 Nf6 6. h3 0-0 7. Be3 e6 8. Qd2 b6 9. Bh6 Bb7 10. Bxg7 Kxg7 11. e5 dxe5 12. Nxe5 Bxg2 13. Rh2 Bb7 14. f4 Nc6 15. Nxc6 Bxc6 16. 0-0-0 Bd5 17. Bxd5 Nxd5 18. Nxd5 Qxd5 19. Kb1 Rfd8 20. Qg2 Qxg2 21. Rxg2 Rd4 22. Rf2 c4 23. Rf3 Rad8 24. Kc1 cxd3 25. Rdxd3 Rxd3 26. cxd3 Kf6 27. Kc2 Kf5 28. Kc3 Rc8+ 29. Kb3 Rc7 30. a3 a6 31. Ka4 Rd7 32. b4 Rd4 33. Kb3 Rxf4 34. Re3 e5 35. Kc3 g5 36. Kd2 h5 37. Ke2 e4 38. Ke1 Ke5 39. Kd2 Kd4 40. dxe4 Rf2+ 41. Re2 Rxe2+ 42. Kxe2 Kxe4 43. Kf2 f5 44. Kg2 Ke3 45. Kf1 Kf3 46. a4 g4 47. hxg4 hxg4 48. b5 a5 49. Kg1 Ke2 50. Kg2 f4 51. Kg1 f3 52. Kh1 g3 53. Kg1 Ke3 54. Kf1 g2+ 55. Kg1 Ke2 56. Kh2 Kf2 57. Kh3 g1Q 58. Kh4 Qg6 59. Kh3 Qg3# 0-1

[Event "ESP-ch U10"]
[Site "Salobrena"]
[Date "2021.07.02"]
[Round "7"]
[White "Serna Puerto, Lorenzo"]
[Black "Marin Ferragut, Pau"]
[Result "0-1"]
[WhiteElo "1316"]
[BlackElo "1824"]
[PlyCount "116"]
[EventDate "2021.06.28"]
[EventType "swiss"]
[EventRounds "9"]
[EventCountry "ESP"]
[SourceTitle "EXT 2022"]
[Source "ChessBase"]
[SourceDate "2021.10.06"]
[SourceVersion "1"]
[SourceVersionDate "2021.10.06"]
[SourceQuality "1"]

1. e4 c5 2. Nf3 d6 3. d4 cxd4 4. Nxd4 Nf6 5. Nc3 a6 6. Bg5 e6 7. f4 Be7 8. g4 h6 9. Bh4 Nxe4 10. Bxe7 Nxc3 11. Bxd8 Nxd1 12. Rxd1 Kxd8 13. Nb3 Ke7 14. Kf2 Nc6 15. Bg2 Bd7 16. Rd2 Rhd8 17. Rhd1 Be8 18. c4 Rac8 19. Re2 g5 20. fxg5 hxg5 21. c5 dxc5 22. Rxd8 Nxd8 23. Re5 c4 24. Na5 Kf6 25. Re4 b5 26. Re1 Nc6 27. Nb7 Ne5 28. Re2 Nxg4+ 29. Kg3 Nh6 30. Nd6 Nf5+ 31. Nxf5 Kxf5 32. Be4+ Kf6 33. Bb7 Rc7 34. Rf2+ Kg6 35. Bxa6 Ra7 36. Bc8 Bc6 37. b3 cxb3 38. axb3 Ra8 39. Bxe6 fxe6 40. Re2 Bd5 41. b4 Ra3+ 42. Kf2 Rf3+ 43. Kg2 Rb3+ 44. Kf2 Rxb4 45. Re1 Rf4+ 46. Kg3 Rf3+ 47. Kg4 b4 48. Rb1 b3 49. Rb2 Rc3 50. h4 Rc4+ 51. Kg3 gxh4+ 52. Kh3 Rc2 53. Rxb3 Bxb3 54. Kxh4 Rg2 55. Kh3 Bd5 56. Kh4 Kf5 57. Kh3 Kf4 58. Kh4 Rh2# 0-1

[Event "ESP-ch U10"]
[Site "Salobrena"]
[Date "2021.06.30"]
[Round "5"]
[White "Serna Puerto, Lorenzo"]
[Black "Torres Rebolledo, Alvaro"]
[Result "0-1"]
[WhiteElo "1316"]
[BlackElo "1535"]
[PlyCount "98"]
[EventDate "2021.06.28"]
[EventType "swiss"]
[EventRounds "9"]
[EventCountry "ESP"]
[SourceTitle "EXT 2022"]
[Source "ChessBase"]
[SourceDate "2021.10.06"]
[SourceVersion "1"]
[SourceVersionDate "2021.10.06"]
[SourceQuality "1"]

1. e4 e5 2. Nf3 Nc6 3. Bb5 a6 4. Ba4 Nf6 5. 0-0 Be7 6. Re1 b5 7. Bb3 0-0 8. c3 d5 9. exd5 Nxd5 10. Nxe5 Nxe5 11. Rxe5 c6 12. Bxd5 cxd5 13. d4 Bd6 14. Re1 Qh4 15. g3 Qh3 16. Qf3 Bg4 17. Qg2 Qh5 18. Nd2 Rae8 19. Rxe8 Rxe8 20. f3 Re1+ 21. Kf2 Bh3 22. Qxh3 Qxh3 23. Kxe1 Qxh2 24. Nf1 Bxg3+ 25. Nxg3 Qxg3+ 26. Ke2 h5 27. Be3 Qg6 28. Rg1 Qc2+ 29. Kf1 h4 30. Bh6 g6 31. Bg5 h3 32. Bf6 Qf5 33. Be5 Qxf3+ 34. Ke1 Qe3+ 35. Kf1 g5 36. Rg3 Qc1+ 37. Kf2 h2 38. Rh3 h1Q 39. Rxh1 Qxh1 40. b3 f5 41. b4 g4 42. a3 Qf3+ 43. Ke1 g3 44. Bxg3 Qxg3+ 45. Ke2 f4 46. a4 f3+ 47. Kd2 f2 48. a5 f1Q 49. c4 Qgf2+ 0-1